The little engine that could / (Record no. 31175)

MARC details
000 -LEADER
fixed length control field 02434cam a2200517 i 4500
001 - CONTROL NUMBER
control field on1333700882
003 - CONTROL NUMBER IDENTIFIER
control field OCoLC
005 - DATE AND TIME OF LATEST TRANSACTION
control field 20251118060940.0
008 - FIXED-LENGTH DATA ELEMENTS--GENERAL INFORMATION
fixed length control field 220629s2020 nyua a 000 1 eng d
020 ## - INTERNATIONAL STANDARD BOOK NUMBER
International Standard Book Number 9780593222805
020 ## - INTERNATIONAL STANDARD BOOK NUMBER
International Standard Book Number 0593222806
040 ## - CATALOGING SOURCE
Original cataloging agency TDS
Language of cataloging eng
Description conventions rda
Transcribing agency TDS
Modifying agency OCLCF
-- WVU
-- YOL
-- UtOrBLW
041 ## - LANGUAGE CODE
Language code of text/sound track or separate title eng
092 ## - LOCALLY ASSIGNED DEWEY CALL NUMBER (OCLC)
Classification number PICTURE BOOK THINGS THAT GO PIP
100 1# - MAIN ENTRY--PERSONAL NAME
Personal name Piper, Watty,
Relator term author.
245 14 - TITLE STATEMENT
Title The little engine that could /
Statement of responsibility, etc. by Watty Piper ; reimaged by Dan Santat.
250 ## - EDITION STATEMENT
Edition statement 90th anniversary edition.
260 ## - PUBLICATION, DISTRIBUTION, ETC. (IMPRINT)
Place of publication, distribution, etc. New York :
Name of publisher, distributor, etc. Grosset & Dunlap,
Date of publication, distribution, etc. c2020.
264 #1 - PRODUCTION, PUBLICATION, DISTRIBUTION, MANUFACTURE, AND COPYRIGHT NOTICE
Place of production, publication, distribution, manufacture New York :
Name of producer, publisher, distributor, manufacturer Grosset & Dunlap,
Date of production, publication, distribution, manufacture, or copyright notice 2020.
264 #4 - PRODUCTION, PUBLICATION, DISTRIBUTION, MANUFACTURE, AND COPYRIGHT NOTICE
Date of production, publication, distribution, manufacture, or copyright notice c2020.
300 ## - PHYSICAL DESCRIPTION
Extent 48 pages :
Other physical details color illustrations ;
Dimensions 21 cm.
336 ## - CONTENT TYPE
Content type term text
Content type code txt
Source rdacontent.
336 ## - CONTENT TYPE
Content type term still image
Content type code sti
Source rdacontent.
337 ## - MEDIA TYPE
Media type term unmediated
Media type code n
Source rdamedia.
338 ## - CARRIER TYPE
Carrier type term volume
Carrier type code nc
Source rdacarrier.
340 ## - PHYSICAL MEDIUM
Source rdaill.
500 ## - GENERAL NOTE
General note Dolly Parton's Imagination Library.
520 ## - SUMMARY, ETC.
Summary, etc. The kindness and determination of the Little Blue Engine have inspired millions of children around the world since the story was first published in 1930. Cherished by readers for ninety years, The Little Engine That Could is a classic tale of a little engine that, despite her size, triumphantly pulls a train full of wonderful things to the children waiting on the other side of a mountain.
520 ## - SUMMARY, ETC.
Summary, etc. This anniversary edition features the original text, all-new reimagined artwork and an introduction from Caldecott Medal-winner Dan Santat, and a special letter from Dolly Parton, award-winning singer-songwriter and founder of Dolly Parton's Imagination Library.
521 8# - TARGET AUDIENCE NOTE
Target audience note 540L
Source Lexile.
521 8# - TARGET AUDIENCE NOTE
Target audience note 520L
Source Lexile.
521 3# - TARGET AUDIENCE NOTE
Target audience note Decoding demand: 75 (high)
-- Semantic demand: 74 (high)
-- Syntactic demand: 97 (very high)
-- Structure demand: 78 (high)
Source Lexile.
526 0# - STUDY PROGRAM INFORMATION NOTE
Program name Accelerated Reader AR
Interest level LG
Reading level 3.5
Title point value 0.5
Public note 5477.
650 #0 - SUBJECT ADDED ENTRY--TOPICAL TERM
Topical term or geographic name as entry element Cooperativeness
Form subdivision Juvenile fiction.
650 #0 - SUBJECT ADDED ENTRY--TOPICAL TERM
Topical term or geographic name as entry element Self-confidence
Form subdivision Juvenile fiction.
650 #0 - SUBJECT ADDED ENTRY--TOPICAL TERM
Topical term or geographic name as entry element Railroad trains
Form subdivision Juvenile fiction.
650 #0 - SUBJECT ADDED ENTRY--TOPICAL TERM
Topical term or geographic name as entry element Friendship
Form subdivision Juvenile fiction.
650 #1 - SUBJECT ADDED ENTRY--TOPICAL TERM
Topical term or geographic name as entry element Cooperativeness
Form subdivision Fiction.
650 #1 - SUBJECT ADDED ENTRY--TOPICAL TERM
Topical term or geographic name as entry element Self-confidence
Form subdivision Fiction.
650 #1 - SUBJECT ADDED ENTRY--TOPICAL TERM
Topical term or geographic name as entry element Railroad trains
Form subdivision Fiction.
650 #1 - SUBJECT ADDED ENTRY--TOPICAL TERM
Topical term or geographic name as entry element Friendship
Form subdivision Fiction.
655 #7 - INDEX TERM--GENRE/FORM
Genre/form data or focus term Picture books.
Source of term lcgft.
700 1# - ADDED ENTRY--PERSONAL NAME
Personal name Santat, Dan,
Relator term illustrator.
700 1# - ADDED ENTRY--PERSONAL NAME
Personal name Parton, Dolly,
Relator term author of introduction.
942 ## - ADDED ENTRY ELEMENTS (KOHA)
Koha item type Libro/Book
Holdings
Withdrawn status Lost status Damaged status Not for loan Home library Current library Shelving location Date acquired Total Checkouts Full call number Barcode Date last seen Price effective from Koha item type
        San Juan Del Sur -- Biblioteca San Juan Del Sur -- Biblioteca Children's Area 18/11/2025   JI INGLES 30023470 18/11/2025 18/11/2025 Libro/Book

Powered by Koha